The shield and the Sickle: Aspects of Kenya-Russian Relations / (Record no. 4350)

000 -LEADER
fixed length control field 01016cam a2200289 a 4500
001 - CONTROL NUMBER
control field 16746573
003 - CONTROL NUMBER IDENTIFIER
control field OSt
005 - DATE AND TIME OF LATEST TRANSACTION
control field 20231003091926.0
008 - FIXED-LENGTH DATA ELEMENTS--GENERAL INFORMATION
fixed length control field 110422s2010 nr b 001 0 eng
010 ## - LIBRARY OF CONGRESS CONTROL NUMBER
LC control number 2011399834
020 ## - INTERNATIONAL STANDARD BOOK NUMBER
International Standard Book Number 9785939050487
040 ## - CATALOGING SOURCE
Original cataloging agency DLC
Transcribing agency DLC
Modifying agency DLC
042 ## - AUTHENTICATION CODE
Authentication code pcc
043 ## - GEOGRAPHIC AREA CODE
Geographic area code f-nr---
-- e-ru---
050 00 - LIBRARY OF CONGRESS CALL NUMBER
Classification number DT515.844.K87 2012
100 ## - MAIN ENTRY--PERSONAL NAME
Personal name Kurgat, K. Paul
245 00 - TITLE STATEMENT
Title The shield and the Sickle: Aspects of Kenya-Russian Relations /
Statement of responsibility, etc Paul, K. Kurgat & Alice J. Kurgat
Remainder of title From the Colonial period to the end of the cold war (1929-1989)
260 ## - PUBLICATION, DISTRIBUTION, ETC. (IMPRINT)
Place of publication, distribution, etc Moscow
Date of publication, distribution, etc 2012.
300 ## - PHYSICAL DESCRIPTION
Extent 133 p. ;
Dimensions 22 cm.
651 #0 - SUBJECT ADDED ENTRY--GEOGRAPHIC NAME
Geographic name Nigeria
General subdivision Foreign relations
Geographic subdivision Russia (Federation)
651 #0 - SUBJECT ADDED ENTRY--GEOGRAPHIC NAME
Geographic name Russia (Federation)
General subdivision Foreign relations
Geographic subdivision Nigeria.
651 #0 - SUBJECT ADDED ENTRY--GEOGRAPHIC NAME
Geographic name Nigeria
General subdivision Foreign relations
Chronological subdivision 1993-
700 1# - ADDED ENTRY--PERSONAL NAME
Personal name Kurgat, J. Alice
906 ## - LOCAL DATA ELEMENT F, LDF (RLIN)
a 7
b cbc
c orignew
d 3
e ncip
f 20
g y-gencatlg
942 ## - ADDED ENTRY ELEMENTS (KOHA)
Source of classification or shelving scheme
Koha item type Book
Holdings
Withdrawn status Lost status Source of classification or shelving scheme Damaged status Not for loan Home library Current library Shelving location Date acquired Total Checkouts Full call number Barcode Date last seen Copy number Price effective from Koha item type Date checked out
          Riara University Library Riara University Library General stack 03/10/2023   DT515.844.K87 2012 6094/15 03/10/2023 C.1 03/10/2023 Book  
          Riara University Library Riara University Library General stack 03/10/2023   DT515.844.K87 2012 6095/15 03/10/2023 C.2 03/10/2023 Book  
          Riara University Library Riara University Library General stack 03/10/2023   DT515.844.K87 2012 6096/15 03/10/2023 C.3 03/10/2023 Book  
          Riara University Library Riara University Library General stack 03/10/2023 1 DT515.844.K87 2012 6097/15 03/06/2024 C.4 03/10/2023 Book 23/05/2024
          Riara University Library Riara University Library General stack 03/10/2023   DT515.844.K87 2012 6098/15 03/10/2023 C.5 03/10/2023 Book  

Riara University Library,
P.O. Box 49940-00100,
Nairobi, Kenya.